Normal view
MARC view
Entry Personal Name
001 - CONTROL NUMBER
- control field: 35269
003 - CONTROL NUMBER IDENTIFIER
- control field: dpl
005 - DATE AND TIME OF LATEST TRANSACTION
- control field: 20111007102601.0
008 - FIXED-LENGTH DATA ELEMENTS
- fixed length control field: 111007|||a|||||| | ||| d
040 ## - CATALOGING SOURCE
- Original cataloging agency: dpl
- Transcribing agency: dpl
100 ## - HEADING--PERSONAL NAME
- Personal name: Bond, Ruskin
670 ## - SOURCE DATA FOUND
- Source citation: Work cat.: (dpl): Bond, Ruskin , A bond with nature:, 2007
670 ## - SOURCE DATA FOUND
- Source citation: Work cat.: (dpl): Bond, Ruskin , A bond with nature:, 2007
